| 000 | 01482nam a2200181Ia 4500 | ||
|---|---|---|---|
| 008 | 220216s9999 xx 000 0 und d | ||
| 100 | _aEsah Yip | ||
| 245 | 4 | _aThe non-allergenicity of NR dry rubber products, with reference to type 1 protein allergy | |
| 260 |
_bRubber Developments _c1995 |
||
| 300 | _a48-52 | ||
| 520 | _aThe protein allergy issue, associated with some natural rubber latex-dipped medical device, has caused certain concern over the use of NR dry rubber products. A study was therefore carried out to evaluate a number of the commercially available dry rubber grades, both raw and vulcanized, and some dry rubber products. Their extractable protein contents, shown to be related to the allergenicity of the products. Their extractable protein contents, shown to be related to the allergenicity of the products, were measured by the RRIM modified Lowry method, while their allergen activities, if any, were assessed by both the skin-prick test and the RAST-inhibition test. Results revealeed that NR dry rubbers and dry rubber products have not only extremely low extractable protein contents (often <20mg/g), but also very low or negligible allergenicity. Hence, it may be concluded that dry rubbers and dry products are generally not affected by the protein allergy problem. | ||
| 650 | _aNon allergenicity | ||
| 650 | _aProtein allergy | ||
| 650 | _aRubber products | ||
| 700 | _aMakinen-Kiljunen Soili | ||
| 700 | _aTurjanmaa Kristiina | ||
| 942 | _cJS | ||
| 999 |
_c70449 _d70449 |
||